000 00363nam a2200145Ia 4500
003 OSt
005 20231226060348.0
008 170523s9999 xx 000 0 und d
020 _a9788120319523
040 _cIIMT UNIVERSITY
100 _aKal- S.
245 0 _aBasic Electronics Devices- Circuits IT Fundamentals
260 _aNew Delhi : PHI
942 _2ddc
_c02
999 _c11680
_d11680